The effect of using of soybean bran by product on growth rate of avian broiler in the animal experimental station of royal university of agriculture, ឥទ្ធពឡនៃការប្រើប្រាស់កន្ទក់សណ្តែលសៀងជាចំណីផ្សំលើការលូតលាស់មាន់សាច់ពូជAVIAN នៅស្ថានីយ៍ពោសោធន៍សត្វនៃសាកលវិទ្យាល័យភូមិន្ទកសិកម្ម (Record no. 2152)

000 -LEADER
fixed length control field 00864nam a22001337a 4500
040 ## - CATALOGING SOURCE
Transcribing agency RUA
082 ## - DEWEY DECIMAL CLASSIFICATION NUMBER
Classification number AVM KON 2006 B076 Or.1
100 ## - MAIN ENTRY--AUTHOR NAME
Personal name KONG, SAMNANG.
245 ## - TITLE STATEMENT
Title The effect of using of soybean bran by product on growth rate of avian broiler in the animal experimental station of royal university of agriculture, ឥទ្ធពឡនៃការប្រើប្រាស់កន្ទក់សណ្តែលសៀងជាចំណីផ្សំលើការលូតលាស់មាន់សាច់ពូជAVIAN នៅស្ថានីយ៍ពោសោធន៍សត្វនៃសាកលវិទ្យាល័យភូមិន្ទកសិកម្ម
260 ## - PUBLICATION, DISTRIBUTION, ETC. (IMPRINT)
Place of publication Phnom Penh
Name of publisher RUA
Year of publication 2006
300 ## - PHYSICAL DESCRIPTION
Number of Pages 38p.
Other physical details ill.
Dimensions 29cm.
856 ## - ELECTRONIC LOCATION AND ACCESS
Uniform Resource Identifier https://drive.google.com/file/d/1J9LdEU6B29l6zESTL5Vl7EzQRGASLmPz/view?usp=sharing
942 ## - ADDED ENTRY ELEMENTS (KOHA)
Koha item type AVM
952 ## - LOCATION AND ITEM INFORMATION (KOHA)
Withdrawn status [LOCAL, KOHA] 0
952 ## - LOCATION AND ITEM INFORMATION (KOHA)
Withdrawn status [LOCAL, KOHA] 0
952 ## - LOCATION AND ITEM INFORMATION (KOHA)
Withdrawn status [LOCAL, KOHA] 0
952 ## - LOCATION AND ITEM INFORMATION (KOHA)
Withdrawn status [LOCAL, KOHA] 0
Holdings
Permanent Location Date acquired Koha item type Lost status Shelving location Barcode Current Location Full call number
Library Block B2015-10-07AVM B076RUA007762Library Block BAVM KON 2006 B076 Or.1
Library Block B2015-10-07AVM B076RUA007834Library Block BAVM KON 2006 B076 Or.2
Library Block B2015-10-07AVM B076RUA007718Library Block BAVM KON 2006 B076 Or.3
Library Block B2015-10-07AVM  RUA027649Library Block BAVM KON 2006 B076 Or.4
មជ្ឈមណ្ឌលឯការនៃសាកលវិទ្យាល័យភូមិន្ទកសិកម្មចំការដូង

Powered by Koha